000 01819cam a2200517 i 4500
001 7202
003 KOSZ 005
005 20250716063538.0
008 250715s1969 pl a f 000 0 pol
015 _aUWD 1970/1043
035 _a991035063759705066
035 _a(PL-WaBN)b19430838-48omnis_nlop
035 _ab19430838
035 _a(OCoLC)823668572
035 _axx002651647
035 _a(PL)b0000001943083
035 _a(EXLNZ-48OMNIS_NETWORK)9910378637005606
040 _aWA N
_cWA N
_dKOSZ 005/RW
046 _k1965
080 _a621.9
080 _a(07)
245 0 0 _aNarzędzia skrawające /
_cStanisław Kunstetter, Eugeniusz Krawczuk.
250 _aWydanie 4.
260 _aWarszawa :
_bWydawnictwa Politechniki Warszawskiej,
_c1969.
300 _a243 strony :
_bilustracje ;
_c24 cm +
_eatlas rysunków : 126 stron.
336 _aTekst
_btxt
_2rdacontent
337 _aBez urządzenia pośredniczącego
_bn
_2rdamedia
338 _aWolumin
_bnc
_2rdacarrier
380 _aKsiążki
380 _aPublikacje dydaktyczne
380 _aPublikacje naukowe
385 _mPoziom nauczania
_aSzkoły wyższe
388 1 _a1901-2000
388 1 _a1945-1989
490 1 _aWyższe Zawodowe Studia Techniczne dla Pracujących
650 7 _aMaszyny i narzędzia skrawające
_2DBN
655 7 _aPodręcznik
_2DBN
658 _aInżynieria i technika
700 1 _aKrawczuk, Eugeniusz
_eAutor
700 1 _aKunstetter, Stanisław
_d(1912-1985)
_eAutor
710 2 _aOficyna Wydawnicza Politechniki Warszawskiej
_4pbl
830 0 _aWyższe Zawodowe Studia Techniczne dla Pracujących
856 _uhttps://koha.tu.koszalin.pl/cgi-bin/koha/opac-detail.pl?biblionumber=7202
_yKatalog online BPK
942 _2UKD
_cKS
999 _c7202
_d7202